| 000 | 00952nam a2200253Ia 4500 | ||
|---|---|---|---|
| 008 | 130821s2002 sp a gr spa | ||
| 020 | _a8436816439 | ||
| 040 |
_aCo-BoUCM _bspa |
||
| 041 | 0 | 0 | _aspa |
| 245 | 1 | 0 |
_aFundamentos de gestión empresarial _cCoordinadores Julio García del Junco, Cristóbal Casanueva Rocha |
| 260 |
_aMadrid (España) _bEdiciones Pirámide _c2002 |
||
| 300 |
_a493 páginas _bilustraciones, tablas, cuadros |
||
| 490 | 0 | _aColección Economía y Empresa | |
| 650 | 0 | 4 |
_aAdministración de empresas _9435 |
| 650 | 0 | 4 |
_aCalidad total _910321 |
| 650 | 0 | 4 |
_aEmpresas _xMedio ambiente _97561 |
| 650 | 0 | 4 |
_aGestión de negocios _916414 |
| 650 | 0 | 4 |
_aPlaneación estratégica _921623 |
| 650 | 0 | 4 |
_aRecursos humanos _923217 |
| 700 | 1 |
_aCasanueva ROCHA, Cristóbal. _ecoord. _9161596 |
|
| 700 | 1 |
_aGarcia DEL JUNCO, Julio. _ecoord. _9161597 |
|
| 942 |
_cLIBRO _2DEWEY _a16 _e1 _h658.4 _mF981f |
||
| 999 |
_c44594 _d44594 |
||